• 首页
  • 本馆介绍
  • 公告通知
  • 最新文献
  • 馆藏检索
  • 电子资源
  • 读者导购
  • 参考咨询
  • 我的图书馆
  • 登录
  • 详细信息显示
  • 放入我的书架
  • 预约/预借图书
  • 作者相关作品
  • 分类相关作品
  • 丛书相关作品
  • 出版社相关作品

书目信息

  • 表格格式
  • 工作单格式
  • 卡片格式
题名:
基于物联网的在线智能调度优化方法
    
 
作者: 胡祥培 , 孙丽君 , 阮俊虎 , 李永刚 著
分册:  
出版信息: 北京   科学出版社  2021
页数: 287页
开本: 24cm
丛书名: 物联网环境下的管理理论与方法研究丛书
单 册:
中图分类: TP315
科图分类:
主题词: 物联网--应用--调度程序--研究
电子资源:
ISBN: 978-7-03-067037-3
000 01508oam2 2200301 450
001 2160852834
005 20211116165417.91
010    @a978-7-03-067037-3@dCNY188.00
100    @a20210517d2021 em y0chiy50 ea
101 0  @achi
102    @aCN@b110000
105    @aafk az 001yy
200 1  @a基于物联网的在线智能调度优化方法@9ji yu wu lian wang de zai xian zhi neng diao du you hua fang fa@f胡祥培[等]著
210    @a北京@c科学出版社@d2021
215    @a287页@c图@d24cm
225 2  @a物联网环境下的管理理论与方法研究丛书
304    @a题名页其他责任者:孙丽君, 阮俊虎, 李永刚
320    @a有书目和索引
330    @a物联网及人工智能技术推动人类社会步入“数字化”和“智能化”的新时代,“全面感知、互联互通、智慧服务”正从梦想变为现实,基于物联网的在线智能调度优化方法近年来已引起学术界和产业界的广泛关注。《基于物联网的在线智能调度优化方法》系统性地介绍了著者团队在基于物联网的在线智能调度优化方法及其应用领域的研究成果。《基于物联网的在线智能调度优化方法》共分6章,主要包括绪论、物联网环境下在线智能调度决策的基础理论、基于物联网的成品油配送在线监测及运营优化调度、基于物联网的温室农作物生长要素在线监测与智能调度研究、机器人移动货架拣选系统智能调度方法等。
461  0 @12001 @a物联网环境下的管理理论与方法研究丛书
606 0  @a物联网@x应用@x调度程序@x研究
690    @aTP315@v5
701  0 @a胡祥培@9hu xiang pei@4著
701  0 @a孙丽君@9sun li jun@4著
701  0 @a阮俊虎@9ruan jun hu@4著
701  0 @a李永刚@9Li Yong Gang@4著
801  0 @aCN@b山东中教@c20211112
905    @aZUCC@dTP315@e93
    
    基于物联网的在线智能调度优化方法/胡祥培[等]著.-北京:科学出版社,2021
    287页:图;24cm.-(物联网环境下的管理理论与方法研究丛书)
    
    
    ISBN 978-7-03-067037-3:CNY188.00
    物联网及人工智能技术推动人类社会步入“数字化”和“智能化”的新时代,“全面感知、互联互通、智慧服务”正从梦想变为现实,基于物联网的在线智能调度优化方法近年来已引起学术界和产业界的广泛关注。《基于物联网的在线智能调度优化方法》系统性地介绍了著者团队在基于物联网的在线智能调度优化方法及其应用领域的研究成果。《基于物联网的在线智能调度优化方法》共分6章,主要包括绪论、物联网环境下在线智能调度决策的基础理论、基于物联网的成品油配送在线监测及运营优化调度、基于物联网的温室农作物生长要素在线监测与智能调度研究、机器人移动货架拣选系统智能调度方法等。
●
相关链接 在五车中查询图书 在当当中查询图书 在豆瓣中查询图书


正题名:基于物联网的在线智能调度优化方法     索取号:TP315/93         预约/预借

序号 登录号 条形码 馆藏地/架位号 状态 备注
1 2000888280   2000888280   第三书库/ [索取号:TP315/93] 在馆    
2 2000888281   2000888281   第三书库/ [索取号:TP315/93] 在馆    
3 2000888282   2000888282   第三书库/ [索取号:TP315/93] 在馆    
山东省滨州职业学院图书馆 欢迎您!
大连网信软件有限公司© 版权所有